000 01468nab a22002897a 4500
999 _c6349
_d6349
003 OSt
005 20260131191134.0
008 190603e xxum|||| |||| 00| 0 spa d
040 _cPJ
100 _96021
_aLamber, Néstor D.
245 1 0 _aExpedientes sucesorios electrónicos en el estudio de antecedentes inmobiliarios y su registración /
_cNéstor D. Lamber.
260 _cCiudad Autónoma de Buenos Aires :
_aThomson Reuters La Ley,
_b2025.
300 _ap. 26-36
500 _aCita: TR LALEY AR/DOC/2871/2025 Publicado en: RCCyC 2025 (Diciembre).
505 _aSumario: I. Introducción.— II. Vista de expedientes judiciales electrónicos en la relación de antecedentes inmobiliarios.— III. Transcripciones de expedientes judiciales electrónicos para la inscripción por protocolización o tracto abreviado.— IV. Testimonios notariales digitales.
505 _t¿Te interesa el texto completo? Solicitalo al correo: koha@justierradelfuego.gov.ar
650 0 _91497
_aCODIGO CIVIL Y COMERCIAL
650 0 _9888
_aSUCESIONES
650 0 _91821
_aDERECHOS REALES
650 0 _91084
_aHEREDEROS
650 0 _91115
_aPUBLICIDAD REGISTRAL
650 0 _92724
_aDECLARATORIA JUDICIAL DE HEREDEROS
650 0 _96398
_aDERECHO NOTARIAL
650 0 _96081
_aCIENCIA Y TECNOLOGÍA
773 0 _02713
_93170
_dCiudad Autónoma de Buenos Aires : Thomson Reuters La Ley, 2015-
_tRevista Código Civil y Comercial. Nº 6 - Diciembre 2025
942 _2udc
_cANA